[Event "CZE-ch U14 Girls"]
[Site "Teplice"]
[Date "2023.03.18"]
[Round "9"]
[White "Losenicka, Anna"]
[Black "Stavova, Lucie"]
[Result "0-1"]
[WhiteElo "1000"]
[BlackElo "1184"]
[PlyCount "50"]
[EventDate "2023.03.11"]
[EventType "swiss"]
[EventRounds "9"]
[EventCountry "CZE"]
[SourceTitle "CBM 213 Extra"]
[Source "ChessBase"]
[SourceDate "2023.05.31"]
[SourceVersion "1"]
[SourceVersionDate "2023.05.31"]
[SourceQuality "1"]

1. e4 e5 2. Nc3 Nf6 3. f4 d5 4. fxe5 Nxe4 5. Nf3 Bg4 6. g3 Bb4 7. Nxe4 dxe4 8. Be2 exf3 9. Bxf3 Bxf3 10. Qxf3 Nc6 11. 0-0 0-0 12. Qe4 Qd7 13. Kg2 Bc5 14. c3 Rae8 15. d4 Bb6 16. Rf5 Ne7 17. Rh5 Qd5 18. Qxd5 Nxd5 19. Rh4 f6 20. c4 Ne7 21. exf6 Rxf6 22. c5 Ba5 23. a3 c6 24. Rg4 Nd5 25. Bg5 Rg6 0-1

[Event "CZE-ch U14 Girls"]
[Site "Teplice"]
[Date "2023.03.15"]
[Round "6"]
[White "Stavova, Lucie"]
[Black "Stehlikova, Vanessa"]
[Result "1/2-1/2"]
[WhiteElo "1184"]
[BlackElo "1085"]
[PlyCount "50"]
[EventDate "2023.03.11"]
[EventType "swiss"]
[EventRounds "9"]
[EventCountry "CZE"]
[SourceTitle "CBM 213 Extra"]
[Source "ChessBase"]
[SourceDate "2023.05.31"]
[SourceVersion "1"]
[SourceVersionDate "2023.05.31"]
[SourceQuality "1"]

1. e4 e5 2. Nf3 Nc6 3. Nc3 Nf6 4. d4 exd4 5. Nd5 d6 6. h3 Be6 7. Bg5 Be7 8. Nxe7 Qxe7 9. Bb5 Bd7 10. 0-0 0-0-0 11. Nxd4 Qxe4 12. c3 Nxd4 13. Bxd7+ Rxd7 14. cxd4 Qf5 15. Be3 g5 16. f3 h5 17. Qd2 Rg8 18. a4 Nd5 19. a5 Nxe3 20. Qxe3 Qe6 21. Qd3 Qg6 22. Qc4 Qe6 23. Qd3 Qg6 24. Qc4 Qe6 25. Qd3 Qg6 1/2-1/2

[Event "CZE-ch U14 Girls"]
[Site "Teplice"]
[Date "2023.03.13"]
[Round "3"]
[White "Stavova, Lucie"]
[Black "Hladka, Leontyna"]
[Result "0-1"]
[WhiteElo "1184"]
[BlackElo "1307"]
[PlyCount "110"]
[EventDate "2023.03.11"]
[EventType "swiss"]
[EventRounds "9"]
[EventCountry "CZE"]
[SourceTitle "CBM 213 Extra"]
[Source "ChessBase"]
[SourceDate "2023.05.31"]
[SourceVersion "1"]
[SourceVersionDate "2023.05.31"]
[SourceQuality "1"]

1. e4 c5 2. Nc3 d6 3. g3 Nc6 4. d3 g6 5. Be3 Bg7 6. Bg2 Rb8 7. Rb1 b5 8. a3 a5 9. Nge2 b4 10. Na2 Bd7 11. d4 Qb6 12. 0-0 cxd4 13. Bd2 e5 14. Kh1 Nge7 15. Qc1 Be6 16. Ra1 0-0 17. Bh6 f5 18. Bxg7 Kxg7 19. f4 Bc4 20. Qd2 bxa3 21. b3 Be6 22. Nac1 Qb4 23. c3 dxc3 24. Nxc3 Nd4 25. Rf2 Rfc8 26. Nd5 Qxd2 27. Rxd2 Bxd5 28. exd5 Rd8 29. Rxa3 Rb5 30. Ne2 Nxe2 31. Rxe2 e4 32. Bf1 Rxd5 33. Rc2 Kf6 34. Kg2 h6 35. Bc4 Rc5 36. Raa2 d5 37. Be2 Rxc2 38. Rxc2 d4 39. Rd2 d3 40. Bf1 Nd5 41. Kf2 e3+ 42. Ke1 exd2+ 43. Kxd2 Nb4 44. h3 g5 45. fxg5+ hxg5 46. g4 fxg4 47. hxg4 Ke5 48. Bg2 Kf4 49. Bh1 Kxg4 50. Be4 Kf4 51. Bg2 g4 52. Bh1 g3 53. Bg2 Rh8 54. Bf1 Rh2+ 55. Ke1 g2 0-1

[Event "CZE-chT U12"]
[Site "Jihlava"]
[Date "2022.06.12"]
[Round "9.5"]
[White "Stavova, Lucie"]
[Black "Brabcova, Nikola"]
[Result "1-0"]
[WhiteElo "1056"]
[BlackElo "1045"]
[PlyCount "71"]
[EventDate "2022.06.10"]
[EventType "team-swiss"]
[EventRounds "9"]
[EventCountry "CZE"]
[SourceTitle "CBM 209 Extra"]
[Source "ChessBase"]
[SourceDate "2022.09.30"]
[SourceVersion "1"]
[SourceVersionDate "2022.09.30"]
[SourceQuality "1"]
[WhiteTeam "Namest nad Oslavou U12"]
[BlackTeam "Sachy Stepan U12"]
[WhiteTeamCountry "CZE"]
[BlackTeamCountry "CZE"]

1. e4 e5 2. Nf3 Nc6 3. Nc3 Nf6 4. d4 exd4 5. Nxd4 Bb4 6. Nxc6 bxc6 7. Bd3 d5 8. 0-0 Bg4 9. Be2 d4 10. Bxg4 dxc3 11. b3 0-0 12. Qf3 Re8 13. Bg5 Rb8 14. Rfe1 Rb5 15. Rad1 Qe7 16. Bxf6 Qxf6 17. Qxf6 gxf6 18. Bd7 Rf8 19. Bxc6 Rb6 20. Bd7 Kh8 21. Bf5 Rg8 22. Re3 Rg7 23. Rh3 Rb8 24. Rd7 Bd6 25. Rxc3 Rbg8 26. g3 Bf4 27. Rf3 Be5 28. c4 a6 29. b4 Rb8 30. Rb3 Bd6 31. b5 axb5 32. cxb5 Ra8 33. a4 Rc8 34. Rc3 Be5 35. Rc4 Rgg8 36. Rxf7 1-0

[Event "CZE-chT U12"]
[Site "Jihlava"]
[Date "2022.06.11"]
[Round "4.5"]
[White "Stavova, Lucie"]
[Black "Janouskova, Eliska"]
[Result "0-1"]
[WhiteElo "1056"]
[BlackElo "1062"]
[PlyCount "53"]
[EventDate "2022.06.10"]
[EventType "team-swiss"]
[EventRounds "9"]
[EventCountry "CZE"]
[SourceTitle "CBM 209 Extra"]
[Source "ChessBase"]
[SourceDate "2022.09.30"]
[SourceVersion "1"]
[SourceVersionDate "2022.09.30"]
[SourceQuality "1"]
[WhiteTeam "Namest nad Oslavou U12"]
[BlackTeam "Plzen Sokol U12"]
[WhiteTeamCountry "CZE"]
[BlackTeamCountry "CZE"]

1. e4 e5 2. Nf3 d5 3. d3 dxe4 4. dxe4 Qxd1+ 5. Kxd1 Nc6 6. Be3 Be6 7. Nbd2 Nf6 8. c3 h6 9. Kc2 0-0-0 10. Rd1 Be7 11. Be2 Kb8 12. h3 Nd7 13. Bb5 Nb6 14. Bxb6 axb6 15. Nc4 f6 16. Nfd2 Na5 17. a4 c6 18. Nxa5 cxb5 19. Nab3 bxa4 20. Na1 b5 21. Rhe1 Rc8 22. Re3 Rhd8 23. Rd3 Rxd3 24. Kxd3 f5 25. g3 fxe4+ 26. Nxe4 Bf5 27. Re1 0-1

[Event "CZE-ch U12 Girls"]
[Site "Luhacovice"]
[Date "2022.03.17"]
[Round "7"]
[White "Stavova, Lucie"]
[Black "Barteckova, Nikol"]
[Result "0-1"]
[WhiteElo "1048"]
[BlackElo "1140"]
[PlyCount "126"]
[EventDate "2022.03.12"]
[EventType "swiss"]
[EventRounds "9"]
[EventCountry "CZE"]
[SourceTitle "EXT 2023"]
[Source "ChessBase"]
[SourceDate "2022.10.05"]
[SourceVersion "1"]
[SourceVersionDate "2022.10.05"]
[SourceQuality "1"]

1. e4 c5 2. Nc3 a6 3. g3 b5 4. Bg2 Bb7 5. d3 e6 6. Nh3 d6 7. 0-0 Nf6 8. f4 Nbd7 9. g4 Nb6 10. g5 Nfd7 11. Be3 Be7 12. d4 Nc4 13. Qc1 Qb6 14. d5 Nxe3 15. Qxe3 Qc7 16. a3 Nb6 17. b3 Rc8 18. f5 exd5 19. exd5 Kf8 20. g6 Bf6 21. Qd2 Bd4+ 22. Kh1 Re8 23. gxf7 Qxf7 24. Ng5 Qf6 25. Ne6+ Kg8 26. Nxd4 Qxd4 27. Qxd4 cxd4 28. Ne4 Bxd5 29. Nxd6 Bxg2+ 30. Kxg2 Re2+ 31. Kg1 Rxc2 32. Rfe1 h6 33. a4 bxa4 34. bxa4 Nc4 35. Ne4 Nd2 36. Nxd2 Rxd2 37. Rad1 Rc2 38. Rxd4 Rc5 39. Rf4 Kf7 40. Re6 Ra5 41. Rb6 Re8 42. Kf2 h5 43. h4 Ree5 44. f6 Rf5 45. Rxf5 Rxf5+ 46. Ke3 Rxf6 47. Rb4 Re6+ 48. Kf4 Kf6 49. Kg3 g5 50. hxg5+ Kxg5 51. Kh3 Re5 52. Rc4 Re3+ 53. Kh2 Rf3 54. Rd4 Rf4 55. Rxf4 Kxf4 56. Kg2 a5 57. Kh3 Ke4 58. Kh4 Kd4 59. Kxh5 Kc4 60. Kg4 Kb4 61. Kf3 Kxa4 62. Ke2 Kb3 63. Kd2 Kb2 0-1

[Event "CZE-ch U12 Girls"]
[Site "Luhacovice"]
[Date "2022.03.14"]
[Round "4"]
[White "Stavova, Lucie"]
[Black "Kammova, Katerina"]
[Result "0-1"]
[WhiteElo "1048"]
[BlackElo "1376"]
[PlyCount "98"]
[EventDate "2022.03.12"]
[EventType "swiss"]
[EventRounds "9"]
[EventCountry "CZE"]
[SourceTitle "EXT 2023"]
[Source "ChessBase"]
[SourceDate "2022.10.05"]
[SourceVersion "1"]
[SourceVersionDate "2022.10.05"]
[SourceQuality "1"]

1. e4 e6 2. d3 d5 3. Nd2 Nf6 4. Ngf3 Be7 5. g3 0-0 6. Bg2 c5 7. 0-0 Nc6 8. Re1 Rb8 9. Qe2 Qc7 10. Nf1 b5 11. c3 h6 12. h4 Rd8 13. e5 Nd7 14. Bf4 c4 15. d4 b4 16. a3 bxa3 17. bxa3 Na5 18. N1h2 Nb3 19. Ra2 Qa5 20. Qe3 Bf8 21. g4 Rb7 22. h5 Qc7 23. g5 hxg5 24. Bxg5 f6 25. exf6 Nxf6 26. h6 Re8 27. Bxf6 gxf6 28. Ng4 Be7 29. h7+ Kh8 30. Nh4 Bf8 31. Ng6+ Kxh7 32. Nxf8+ Rxf8 33. Qh3+ Kg7 34. f3 Kf7 35. Qh5+ Ke7 36. Nh6 Kd8 37. Kf2 Qf4 38. Rb2 Qg5 39. Qh2 Rh7 40. Qd6+ Ke8 41. Rxe6+ Bxe6 42. Qxe6+ Kd8 43. Qd6+ Kc8 44. Qxf8+ Kc7 45. Nf7 Qh4+ 46. Ke3 Qe1+ 47. Re2 Qxc3+ 48. Kf2 Qxd4+ 49. Kg3 Qh4# 0-1

[Event "CZE-ch U12 Girls"]
[Site "Luhacovice"]
[Date "2022.03.13"]
[Round "2"]
[White "Stavova, Lucie"]
[Black "Horkova, Tereza"]
[Result "1-0"]
[WhiteElo "1048"]
[BlackElo "1413"]
[PlyCount "46"]
[EventDate "2022.03.12"]
[EventType "swiss"]
[EventRounds "9"]
[EventCountry "CZE"]
[SourceTitle "EXT 2023"]
[Source "ChessBase"]
[SourceDate "2022.10.05"]
[SourceVersion "1"]
[SourceVersionDate "2022.10.05"]
[SourceQuality "1"]

1. e4 c5 2. Nc3 e6 3. g3 d5 4. d3 Nc6 5. Bg2 d4 6. Nce2 e5 7. Nh3 g6 8. f4 f6 9. 0-0 Nge7 10. fxe5 Bxh3 11. Bxh3 fxe5 12. c3 Bg7 13. Bd2 Qd6 14. Qb3 Rf8 15. Rxf8+ Bxf8 16. Rf1 Nd8 17. cxd4 exd4 18. Nf4 Bh6 19. Ne6 c4 20. Qxc4 Nxe6 21. Bxh6 Kd7 22. Rf6 Rc8 23. Bxe6+ Kd8 1-0

[Event "CZE-ch U10 Girls"]
[Site "Kouty nad Desnou"]
[Date "2020.03.10"]
[Round "5"]
[White "Stavova, Lucie"]
[Black "Kammova, Katerina"]
[Result "0-1"]
[WhiteElo "1100"]
[BlackElo "1295"]
[PlyCount "158"]
[EventDate "2020.03.07"]
[EventType "swiss"]
[EventRounds "7"]
[EventCountry "CZE"]
[SourceTitle "CBM 195 Extra"]
[Source "ChessBase"]
[SourceDate "2020.05.31"]
[SourceVersion "1"]
[SourceVersionDate "2020.05.31"]
[SourceQuality "1"]

1. e4 e5 2. Nf3 Nc6 3. Nc3 Bc5 4. Bc4 Nf6 5. 0-0 d6 6. d3 Bg4 7. Be3 Nd4 8. Bxd4 Bxd4 9. Re1 Qd7 10. h3 Be6 11. Bxe6 fxe6 12. Qd2 0-0-0 13. Ne2 Bxb2 14. Rab1 Ba3 15. c4 c5 16. Qa5 Bb4 17. Qxa7 Bxe1 18. Rxe1 Qc7 19. Rb1 Rdg8 20. a4 g5 21. Nh2 h5 22. a5 g4 23. hxg4 hxg4 24. Nf1 Rh7 25. Neg3 Nh5 26. a6 Qb8 27. axb7+ Rxb7 28. Rxb7 Qxb7 29. Qxb7+ Kxb7 30. Nxh5 Kc6 31. Ne3 Rg6 32. Kf1 Rh6 33. Ng3 Rg6 34. Ke2 Kb6 35. Kd2 Ka5 36. Kc3 Ka4 37. Ne2 Ka5 38. f3 gxf3 39. gxf3 Rg8 40. f4 exf4 41. Nxf4 Rg3 42. Nf1 Rf3 43. Nxe6 Rxf1 44. Nc7 Kb6 45. Nd5+ Kc6 46. Ne3 Rf3 47. Nc2 Rf8 48. d4 cxd4+ 49. Nxd4+ Kd7 50. Kd3 Rh8 51. Nf5 Rh1 52. Ne3 Ra1 53. Kd4 Ke6 54. Nc2 Rc1 55. Ne3 Rh1 56. Ng2 Rd1+ 57. Kc3 Ke5 58. Ne3 Rd4 59. Ng4+ Kxe4 60. Nf2+ Ke3 61. Nh3 d5 62. cxd5 Rxd5 63. Ng1 Rc5+ 64. Kb4 Rh5 65. Kc3 Kf2 66. Kd4 Kxg1 67. Kd3 Re5 68. Kd4 Re8 69. Kd5 Kf2 70. Kc6 Rd8 71. Kb7 Rd1 72. Kb6 Rc1 73. Ka7 Rb1 74. Ka6 Ke3 75. Ka5 Kd4 76. Ka6 Kc5 77. Ka7 Kc6 78. Ka8 Kc7 79. Ka7 Ra1# 0-1